| 000 | 00855nam0a22002291 4500 | ||
|---|---|---|---|
| 001 | rc\497919 | ||
| 005 | 20260407132346.0 | ||
| 035 | _a(NLR Aleph) 005739220 | ||
| 090 |
_a4720153 _c4720153 |
||
| 100 | _a20030616d1988 |||y0rusy50 ca | ||
| 101 | 0 | _arus | |
| 102 | _aRU | ||
| 105 | _aa ||||||||| | ||
| 200 | 1 |
_aРекомендации по учету ползучести и усадки бетона при расчете бетонных и железобетонных конструкций _fНИИ бетона и железобетона |
|
| 210 |
_aМ. _cСтройиздат _d1988 |
||
| 215 |
_a119, [2] с. _cил. _d20 |
||
| 712 | 0 | 2 |
_aНИИ бетона и железобетона _cМосква _3RU\NLR\AUTH\889993516 _9483522 |
| 801 | 0 |
_aRU _bNLR _gpsbo |
|
| 801 | 1 |
_aRU _bELAR _2rusmarc |
|
| 852 |
_aNLR _j88-3/5131 |
||
| 942 | _cBOOK | ||
| 980 | _aNB | ||